00306nam a2200121Ia 4500008004100000082001500041100001700056245003300073260002800106300000800134650002400142700001800166191201s2019 xx 000 0 und d a615.19 KAP aKASTURE,A.V  0aPharmaceutical Chemistry- II bNiraliaNew delhic2019 a373 aMedicinal Chemistry aWADODKAR, S.G